Hearthstone- Groups of Three - Statistics

General Stats
  • This quiz has been taken 26 times
  • The average score is 16 of 63
Answer Stats
Group Answer % Correct
Deathwing Variants Deathwing
83%
12 Mana "Giants" Mountain Giant
65%
Windrunner Siblings Sylvanas Windrunner
65%
Deathwing Variants Deathwing, Dragonlord
61%
Jade Lotus Classes Rogue
61%
Jade Lotus Classes Druid
57%
Mean Streets of Gadgetzan Factions Jade Lotus
57%
Jade Lotus Classes Shaman
57%
Year of the Raven Expansions Rastakhan's Rumble
52%
Legendary Monkeys King Mukla
48%
Knights of the Frozen Throne Sindragosa
48%
Year of the Raven Expansions The Boomsday Project
48%
Minions that can go Dormant The Darkness
48%
Mean Streets of Gadgetzan Factions The Kabal
48%
Year of the Raven Expansions The Witchwood
48%
Legendary Boomsday Mechs Zilliax
48%
Deathwing Variants Deathwing, Mad Aspect
43%
Classic Elemental Legendary Minions Ragnaros the Firelord
43%
Windrunner Siblings Alleria Windrunner
39%
Classic Elemental Legendary Minions Baron Geddon
39%
Garrosh Variants Garrosh Hellscream
39%
Mean Streets of Gadgetzan Factions Grimy Goons
39%
Classic Elemental Legendary Minions Al'Akir the Windlord
35%
12 Mana "Giants" Arcane Giant
35%
12 Mana "Giants" Clockwork Giant
35%
8 Mana Weapons Woecleaver
35%
8 Mana Weapons The Runespear
30%
Year of the Raven Legendary Heroes Dr. Boom, Mad Genius
26%
Legendary Monkeys Mukla, Tyrant of the Vale
26%
Year of the Raven Legendary Heroes Zul'jin
26%
Legendary Monkeys Knuckles
22%
Garrosh Variants Scourgelord Garrosh
22%
Minions that can go Dormant Sherazin, Corpse Flower
22%
Year of the Raven Legendary Heroes Hagatha the Witch
17%
9 Mana Legendary Deathrattle Minions Majordomo Executus
17%
Karazhan Druid Cards Moonglade Portal
17%
Windrunner Siblings Vereesa Windrunner
17%
Bomb Shuffling Cards Clockwork Goblin
13%
8 Mana Weapons Silver Sword
13%
Karazhan Druid Cards Enchanted Raven
9%
9 Mana Legendary Deathrattle Minions Hadronox
9%
Worst Legendaries Harbinger Celestia
9%
Karazhan Druid Cards Menagerie Warden
9%
Bomb Shuffling Cards Seaforium Bomber
9%
Legendary Boomsday Mechs SN1P-SN4P
9%
Bomb Shuffling Cards Wrenchcalibur
9%
9 Mana Legendary Deathrattle Minions Anub'arak
4%
Reno Jackson's Hero Powers Arcane Craftiness
4%
Knights of the Frozen Throne Bone Drake
4%
Knights of the Frozen Throne Cobalt Scalebane
4%
Legendary Boomsday Mechs Mecha'thun
4%
Highest Rated Discover Cards Omega Assembly
4%
Highest Rated Discover Cards Primordial Glyph
4%
Reno Jackson's Hero Powers Amateur Mage
0%
Garrosh Variants Corrupted Garrosh
0%
Highest Rated Discover Cards Draknoid Operative
0%
Worst Legendaries Griftah
0%
Rumble Run Shaman Shrines Krag'wa's Grace
0%
Rumble Run Shaman Shrines Krag'wa;s Lure
0%
Minions that can go Dormant Lucentbark
0%
Worst Legendaries Prince Valanar
0%
Reno Jackson's Hero Powers "Relicologist"
0%
Rumble Run Shaman Shrines Tribute from the Tides
0%
No matching quizzes found
Score Distribution
Percent of People with Each Score
Percentile by Number Answered
Your Score History
You have not taken this quiz